00376nam a2200145Ia 4500003000400000005001700004008004100021040001800062041000800080100003900088110002400127245002500151260002000176710003400196OSt20260309103128.0211028s2011 xx 000 0 und d cAIMIT LIBRARY aeng aB N, Praveena; Dsiva, Arun.g81722 aManibhushan Dsouza. aInvestment manager / aBangalorec2011 aMetricstream Infotech Pvt Ltd